| 000 | 01585nam0a22003011 4500 | ||
|---|---|---|---|
| 001 | rc\4537767 | ||
| 005 | 20130416182445.9 | ||
| 021 |
_aRU _b[66-60051] |
||
| 035 | _a(NLR Aleph) 008633954 | ||
| 090 |
_a8900182 _c8900182 |
||
| 100 | _a20130416d1966 |||y0rusy50 ca | ||
| 101 | 0 | _arus | |
| 102 | _aRU | ||
| 105 | _aa z ||||| | ||
| 200 | 1 |
_aФазометр звуковых частот с повышенной разрешающей способностью _fОбъединение по руководству науч.-техн. информацией и пропагандой в РСФСР при Гос. ком. Совета Министров СССР по науке и технике "Ростехинформ". Гос. науч.-исслед. ин-т науч. и техн. информации "ГосИНТИ" |
|
| 210 |
_aМосква _cБ. и. _d1966 |
||
| 215 |
_a7 с., 1 л. схем. _cсхем. _d22 |
||
| 225 | 1 |
_aПередовой научно-технический и производственный опыт _v№ 18-66-1494/117 |
|
| 300 | _aПеред загл. авт.: В.Е. Колесов, Ю.М. Соломин, Ю.Ф. Чусовков. На обл. авт. не указаны | ||
| 606 |
_aФазометры _2psbo |
||
| 700 | 1 |
_aКолесов _bВ. Е. _gВасилий Егорович |
|
| 701 | 1 |
_aСоломин _bЮ. М. _gЮрий Михайлович |
|
| 701 | 1 |
_aЧусовков _bЮ. Ф. _gЮрий Федорович |
|
| 801 | 0 |
_aRU _bNLR _gpsbo |
|
| 801 | 1 |
_aRU _bELAR _2rusmarc |
|
| 852 |
_aNLR _jП11/2295 |
||
| 942 | _cBOOK | ||
| 980 | _aNB | ||